Statistics for TV Dads #5

Click here to take the quiz!

General Stats

  • This quiz has been taken 12 times
  • The average score is 7 of 15

Answer Stats

HintAnswer% Correct
Who’s the Boss? (1984-1992)Tony Danza
100%
All in the Family (1971-1979)Carroll O’Connor
91%
Step By Step (1991-1998)Patrick Duffy
73%
Make Room for Daddy (1953-1956)Danny Thomas
64%
Eight Is Enough (1977-1981)Dick Van Patten
64%
Wizards of Waverly Place (2007-2012)David Deluise
36%
Lost in Space (1965-1968)Guy Williams
36%
227 (1985-1990)Hal Williams
36%
Blossom (1990-1995)Ted Wass
36%
Gentle Ben (1967-1969)Dennis Weaver
27%
Grounded for Life (2001-2005)Donal Logue
27%
Still Standing (2002-2006)Mark Addy
27%
Hangin’ with Mr. Cooper (1992-1997)Mark Curry
27%
Moesha (1996-2001)William Allen Young
27%
Good Luck Charlie (2010-2014)Eric Allan Kramer
18%

Score Distribution

Percentile by Number Answered

Percent of People with Each Score

Your Score History

You have not taken this quiz